| 000 | 00483nam a22001697a 4500 | ||
|---|---|---|---|
| 005 | 20251108164831.0 | ||
| 008 | 250721s1989 xx 000 0 ara d | ||
| 082 | 1 | 4 | _a616.462/مغا |
| 100 | 1 | _aمحجوب، مغازي علي | |
| 245 | 1 | 0 | _aمرض السكر / |
| 264 | 1 |
_aالقاهره : _bمؤسسة أخبار اليوم، _c1989. |
|
| 300 | _a144ص | ||
| 490 | 0 | _aكتاب اليوم الطبي ؛ 90 | |
| 650 | 1 | 7 | _aمرض السكر |
| 942 |
_2ddc _cBK |
||
| 999 |
_c15479 _d15479 |
||